000 00621nim a2200193 i 4500
001 bgj
245 0 0 _aNew English Zone :
_binteractive CD-ROM 1 /
_c[Rob Nolasco with David Newbold] ; [konsultacja: Anna Gonerko-Frej].
260 _aOxford :
_bOxford University Press,
_cc. 2006.
650 9 _aEnglish language
_xPrimary schools
_xYoung learners
655 _aTextbooks for children
700 1 _aNEWBOLD, David.
_eco-author
700 1 _aGONERKO-FREJ, Anna.
_econs.
020 _a0194623254
040 _cBPK
041 0 _aeng
920 _a0-19-462325-4
942 _cCD
008 s uk f |000 0 eng
999 _c41223
_d41223
856 _uhttp://koha.tu.koszalin.pl/cgi-bin/koha/opac-detail.pl?biblionumber=41223
_yKatalog online BPK